<?xml version="1.0" encoding="UTF-8"?>
<record
    xmlns:xsi="http://www.w3.org/2001/XMLSchema-instance"
    xsi:schemaLocation="http://www.loc.gov/MARC21/slim http://www.loc.gov/standards/marcxml/schema/MARC21slim.xsd"
    xmlns="http://www.loc.gov/MARC21/slim">

  <leader>01125nam a2200181Ia 4500</leader>
  <controlfield tag="008">151202s9999||||xx |||||||||||||| ||und||</controlfield>
  <datafield tag="082" ind1=" " ind2=" ">
    <subfield code="b">PNVM-124271</subfield>
  </datafield>
  <datafield tag="100" ind1=" " ind2=" ">
    <subfield code="a">&#x935;&#x947;&#x926;&#x941;&#x932;&#x93E; &#x938;&#x942;&#x930;&#x94D;&#x92F;&#x928;&#x93E;&#x930;&#x93E;&#x92F;&#x923;&#x936;&#x930;&#x94D;&#x92E;&#x93E;.</subfield>
  </datafield>
  <datafield tag="245" ind1=" " ind2=" ">
    <subfield code="a">&#x924;&#x93F;&#x930;&#x941;&#x92A;&#x924;&#x940; &#x92C;&#x93E;&#x932;&#x93E;&#x91C;&#x940; &#x92E;&#x93E;&#x939;&#x93E;&#x924;&#x94D;&#x92E;&#x94D;&#x92F;&#x92E;&#x94D; &#x939;&#x93F;&#x902;&#x926;&#x940; &#x938;&#x941;&#x92A;&#x94D;&#x930;&#x92D;&#x93E;&#x924; &#x938;&#x939;&#x93F;&#x924; 1&#x928;&#x915;&#x93E;&#x936;&#x93E;.</subfield>
  </datafield>
  <datafield tag="260" ind1=" " ind2=" ">
    <subfield code="b">&#x917;&#x94B;&#x932;&#x94D;&#x932;&#x92A;&#x942;&#x921;&#x93F; &#x935;&#x940;&#x930;&#x93E;&#x938;&#x94D;&#x935;&#x93E;&#x92E;&#x93F; &#x938;&#x928; &#x936;&#x94D;&#x930;&#x940;&#x938;&#x940;&#x924;&#x93E;&#x930;&#x93E;&#x92E;&#x93E; &#x92C;&#x941;&#x915; &#x921;&#x93F;&#x92A;&#x94B; &#x930;&#x93E;&#x91C;&#x92E;&#x939;&#x947;&#x928;&#x94D;&#x926;&#x94D;&#x930;&#x940;.</subfield>
  </datafield>
  <datafield tag="260" ind1=" " ind2=" ">
    <subfield code="c">1974</subfield>
  </datafield>
  <datafield tag="300" ind1=" " ind2=" ">
    <subfield code="a">90</subfield>
  </datafield>
  <datafield tag="600" ind1=" " ind2=" ">
    <subfield code="a">&#x935;&#x947;&#x926;&#x941;&#x932;&#x93E; &#x938;&#x942;&#x930;&#x94D;&#x92F;&#x928;&#x93E;&#x930;&#x93E;&#x92F;&#x923;&#x936;&#x930;&#x94D;&#x92E;&#x93E;.</subfield>
  </datafield>
  <datafield tag="630" ind1=" " ind2=" ">
    <subfield code="a">&#x924;&#x93F;&#x930;&#x941;&#x92A;&#x924;&#x940; &#x92C;&#x93E;&#x932;&#x93E;&#x91C;&#x940; &#x92E;&#x93E;&#x939;&#x93E;&#x924;&#x94D;&#x92E;&#x94D;&#x92F;&#x92E;&#x94D; &#x939;&#x93F;&#x902;&#x926;&#x940; &#x938;&#x941;&#x92A;&#x94D;&#x930;&#x92D;&#x93E;&#x924; &#x938;&#x939;&#x93F;&#x924; 1&#x928;&#x915;&#x93E;&#x936;&#x93E;.</subfield>
  </datafield>
  <datafield tag="700" ind1=" " ind2=" ">
    <subfield code="a">&#x935;&#x947;&#x926;&#x941;&#x932;&#x93E; &#x938;&#x942;&#x930;&#x94D;&#x92F;&#x928;&#x93E;&#x930;&#x93E;&#x92F;&#x923;&#x936;&#x930;&#x94D;&#x92E;&#x93E;.</subfield>
  </datafield>
  <datafield tag="730" ind1=" " ind2=" ">
    <subfield code="a">&#x924;&#x93F;&#x930;&#x941;&#x92A;&#x924;&#x940; &#x92C;&#x93E;&#x932;&#x93E;&#x91C;&#x940; &#x92E;&#x93E;&#x939;&#x93E;&#x924;&#x94D;&#x92E;&#x94D;&#x92F;&#x92E;&#x94D; &#x939;&#x93F;&#x902;&#x926;&#x940; &#x938;&#x941;&#x92A;&#x94D;&#x930;&#x92D;&#x93E;&#x924; &#x938;&#x939;&#x93F;&#x924; 1&#x928;&#x915;&#x93E;&#x936;&#x93E;.</subfield>
  </datafield>
  <datafield tag="942" ind1=" " ind2=" ">
    <subfield code="c">BOOK</subfield>
  </datafield>
  <datafield tag="999" ind1=" " ind2=" ">
    <subfield code="c">1354399</subfield>
    <subfield code="d">1354396</subfield>
  </datafield>
  <datafield tag="952" ind1=" " ind2=" ">
    <subfield code="0">0</subfield>
    <subfield code="1">0</subfield>
    <subfield code="4">0</subfield>
    <subfield code="7">0</subfield>
    <subfield code="a">PNVM</subfield>
    <subfield code="b">PNVM</subfield>
    <subfield code="d">2015-06-21</subfield>
    <subfield code="g">0.00</subfield>
    <subfield code="l">0</subfield>
    <subfield code="o">PNVM-124271</subfield>
    <subfield code="p">PNVM-124271</subfield>
    <subfield code="r">2015-12-02 00:00:00</subfield>
    <subfield code="v">0.00</subfield>
    <subfield code="w">2015-12-02</subfield>
    <subfield code="y">BOOK</subfield>
  </datafield>
</record>
